000 00314nam a22001217a 4500
008 260530b |||||||| |||| 00| 0 eng d
020 _a9789381275597
100 _aNagasampige, A V
245 _aSrimadjnmastami Nirnayah
260 _aBangalore
_bPoorna Prajna Samshodhan Trust
_c2022
300 _a84p
942 _2ddc
999 _c1471
_d1471